| 000 | 00517 a2200169 4500 | ||
|---|---|---|---|
| 003 | NUST | ||
| 005 | 20251022103133.0 | ||
| 040 | _cNust | ||
| 082 | _a621.382,ZAF | ||
| 100 |
_aZafran, PC Muhammad (TE-40) _9131365 |
||
| 245 |
_aSimulation and implementation of MC -CDMA Module on DSP kit / _cPC Muhammad Zafran , Capt Imran Nazir , Capt Adeel Rasheed , NC Uzair Akbar |
||
| 260 |
_aRawalpindi _bMCS,NUST _c2007 |
||
| 300 | _a100, p.; | ||
| 650 |
_aUG Projects _998716 |
||
| 651 |
_aTE-40 _9131366 |
||
| 942 |
_cPR _2ddc |
||
| 999 |
_c183542 _d183542 |
||